000 00719nam a2200253Ia 4500
003 OSt
005 20220924123558.0
006 a|||||r|||| 00| 0
007 ta
008 220923b |||||||| |||| 00| 0 kas d
020 _a8170208939 (hbk)
024 _a172866
037 _cTextual
040 _aARTS
_cARTS
_bKAS
041 _2KAS
_aKAS
082 _aO154,1LD1,SK, 111N9
100 _aDina Nath
_910580
245 0 _aSri Krshavatara lila
_b the birth of Krishna
260 _aNew Delhi
_b Cosmo publications India
_c1999
300 _axii,251p
_ccm.
650 _aKASHMIRI LITERATURE
_9145336
942 _hO154,1LD1,SK, 111N9
_cTEXL
_2CC
999 _c416312
_d416312